000 01890nam a2200277 u 4500
001 000003266
003 DO-SdBNP
005 20250925082330.0
007 ta
008 090707s2017 dr a r 000 0 spa d
020 _a9789945168167
040 _aDO-SdBNP
_bspa
_cBNPHU
082 4 _a068.7293
_bM843h
_222
100 1 _aMoreno Ceballos, Nelson,
_d1946-
_933018
245 1 0 _aHistoria de las academias de ciencias y de las organizaciones científicas internacionales /
_cNelson Moreno Ceballos.
246 1 0 _aHistory of academies of sciences and international scientific organizations
260 _aSanto Domingo :
_bBúho,
_c2017.
300 _a360 p. :
_c24 cm.
_bil ;
505 _aLas primeras comunidades de científicos en la antigüedad clásica y en el mundo helenístico 47 -- Descrédito y desplazamiento de las culturas grecorromana y helenística por parte del cristianismo 67 -- Las culturas árabe y oriental y el surgimiento de Bagdad y Córdoba como centros científicos durante el inicio de la Edad Media 81 -- Origen de las Primeras Academicas de Ciencias en la edad moderna 101 -- Las academias desdientes, las sociedades para el avance de la ciencia y los congresos científicos durante los siglos XVIII y XIX 121 -- Las asociaciones internacionales de academias de ciencias y de otras instituciones 139 -- Breve historia de la Comunidad Científica del Caribe (CCC) y la expansión de sus relaciones interinstitucionales 173 -- Breve reseña de cada una de las academias de ciencias del Gran Caribe 285 -- El papel de las academias de ciencias en el mundo posmoderno 311
590 _aInventariado, 2022 / DG
600 _aUnión Científica del Caribe
_xHistoria
_981888
650 0 _aCrisis económica
_xCooperación internacional
_zCaribe (Región)
_99159
651 4 _aCiencia
_xSociedades, etc.
_95778
_zCaribe (Región)
910 _aDG
942 _2ddc
_cLBS1
999 _c52084
_d52084